Os burocratas das organizaė̳s financeiras internacionais. Um estudo comparado entre o Banco Mundial e o FMI

Detalles Bibliográficos
Autor principal: Guimarês, Feliciano de S̀
Formato: eBook
Lenguaje:portugués
Publicado: Rio de Janeiro : FGV - Direito Rio, 2012
Materias:
Acceso en línea:http://www.vlex.com/source/6831

MARC

LEADER 00000nam a22000007a 4500
005 20130129150123.0
007 cr|||| ||||
008 130129e2012 bl |||||s|||| 00||0 por d
020 |a 8522509425 
035 |a 6831 
040 |a vLex 
090 |c 3620  |d 3620 
100 1 0 |a Guimarês, Feliciano de S̀ 
245 1 3 |a Os burocratas das organizaė̳s financeiras internacionais. Um estudo comparado entre o Banco Mundial e o FMI  |h [Recurso eletrn̤ico] 
256 |a Servicio en ln̕ea 
260 |a Rio de Janeiro :  |b FGV - Direito Rio,   |c 2012 
300 |a 1 Recurso electrn̤ico 
650 0 4 |a Relaciones internacionales 
650 0 4 |a Derecho internacional 
650 0 4 |a Finanzas 
740 |a vLex Libros (Servicio en ln̕ea) 
856 |a Acceso restringido  |u http://www.vlex.com/source/6831 
942 |c BOOK 
999 0 |a International law